Les préfectures de France - Statistiques

Statistiques générales
  • Ce quiz a été pris 1 324 fois
    934 depuis la dernière actualisation
  • Le résultat moyen est 65 sur 101
Réponses sur la Carte
Les réponses sont colorées sur une échelle allant du rouge au vert en fonction du pourcentage des utilisateurs qui les ont devinées à leur premier essai. Vous pouvez retrouver ces pourcentages ci-dessous.
 
Statistiques - réponses
Numéro Département Préfecture % Correct
59 Nord Lille
90%
75 Paris Paris
90%
67 Bas-Rhin Strasbourg
90%
33 Gironde Bordeaux
89%
13 Bouches-du-Rhône Marseille
89%
35 Ille-et-Vilaine Rennes
89%
2A Corse-du-Sud Ajaccio
87%
69 Rhône Lyon
87%
44 Loire-Atlantique Nantes
87%
6 Alpes-Maritimes Nice
87%
34 Hérault Montpellier
86%
29 Finistère Quimper
86%
31 Haute-Garonne Toulouse
84%
2B Haute-Corse Bastia
83%
85 Vendée La Roche-sur-Yon
83%
21 Côte-d'Or Dijon
81%
14 Calvados Caen
80%
38 Isère Grenoble
80%
64 Puy-de-Dôme Clermont-Ferrand
78%
1 Ain Bourg-en-Bresse
77%
64 Pyrénées-Atlantiques Pau
77%
42 Loire Saint-Étienne
77%
74 Haute-Savoie Annecy
76%
57 Moselle Metz
76%
83 Var Toulon
76%
974 La Réunion Saint-Denis
75%
90 Territoire de Belfort Belfort
74%
54 Meurthe-et-Moselle Nancy
74%
66 Pyrénées-Orientales Perpignan
74%
37 Indre-et-Loire Tours
74%
17 Charente-Maritime La Rochelle
72%
30 Gard Nîmes
72%
45 Loiret Orléans
72%
76 Seine-Maritime Rouen
72%
78 Yvelines Versailles
72%
49 Maine-et-Loire Angers
71%
80 Somme Amiens
70%
68 Haut-Rhin Colmar
70%
72 Sarthe Le Mans
70%
56 Morbihan Vannes
70%
22 Côtes-d'Armor Saint-Brieuc
69%
25 Doubs Besançon
68%
26 Drôme Valence
68%
73 Savoie Chambéry
67%
5 Hautes-Alpes Gap
67%
11 Aude Carcassonne
66%
86 Vienne Poitiers
65%
84 Vaucluse Avignon
63%
53 Mayenne Laval
62%
87 Haute-Vienne Limoges
61%
40 Landes Mont-de-Marsan
60%
62 Pas-de-Calais Arras
59%
18 Cher Bourges
59%
28 Eure-et-Loir Chartres
59%
92 Hauts-de-Seine Nanterre
59%
16 Charente Angoulême
58%
79 Deux-Sèvres Niort
58%
10 Aube Troyes
58%
89 Yonne Auxerre
57%
8 Ardennes Charleville-Mézières
57%
36 Indre Châteauroux
57%
3 Allier Moulins
57%
50 Manche Saint-Lô
57%
41 Loir-et-Cher Blois
56%
91 Essonne Évry-Courcouronnes
56%
58 Nièvre Nevers
56%
24 Dordogne Périgueux
56%
7 Ardèche Privas
56%
19 Corrèze Tulle
56%
972 Martinique Fort-de-France
55%
15 Cantal Aurillac
54%
60 Oise Beauvais
54%
27 Eure Évreux
54%
2 Aisne Laon
54%
81 Tarn Albi
53%
9 Ariège Foix
53%
95 Val-d'Oise Cergy / Pontoise
52%
973 Guyanne Cayenne
51%
43 Haute-Loire Le Puy-en-Velay
51%
77 Seine-et-Marne Melun
51%
12 Aveyron Rodez
51%
93 Seine-Saint-Denis Bobigny
50%
88 Vosges Épinal
50%
65 Hautes-Pyrénées Tarbes
49%
61 Orne Alençon
48%
51 Marne Châlons-en-Champagne
48%
4 Alpes-de-Haute-Provence Digne-les-Bains
48%
23 Creuse Guéret
48%
47 Lot-et-Garonne Agen
47%
32 Gers Auch
47%
94 Val-de-Marne Créteil
47%
48 Lozère Mende
46%
55 Meuse Bar-le-Duc
45%
39 Jura Lons-le-Saunier
45%
976 Mayotte Mamoudzou
45%
82 Tarn-et-Garonne Montauban
45%
46 Lot Cahors
43%
71 Saône-et-Loire Mâcon
43%
971 Guadeloupe Basse-Terre
42%
52 Haute-Marne Chaumont
42%
70 Haute-Saône Vesoul
40%
Aucun quiz correspondant
Distribution des résultats
% des personnes avec chaque résultat
Percentile par nombre de réponses
Votre historique - résultats
Vous n’avez pas pris ce quiz depuis la dernière actualisation